|
|
|
|
| LEADER |
03241nam a22004575i 4500 |
| 001 |
978-1-4020-5431-0 |
| 003 |
DE-He213 |
| 005 |
20151204191703.0 |
| 007 |
cr nn 008mamaa |
| 008 |
100301s2007 ne | s |||| 0|fre d |
| 020 |
|
|
|a 9781402054310
|9 978-1-4020-5431-0
|
| 024 |
7 |
|
|a 10.1007/978-1-4020-5431-0
|2 doi
|
| 040 |
|
|
|d GrThAP
|
| 050 |
|
4 |
|a B829.5.A-829.5.Z
|
| 072 |
|
7 |
|a HPCF3
|2 bicssc
|
| 072 |
|
7 |
|a PHI018000
|2 bisacsh
|
| 082 |
0 |
4 |
|a 142.7
|2 23
|
| 100 |
1 |
|
|a Dorfman, Eran.
|e author.
|
| 245 |
1 |
0 |
|a Réapprendre á Voir Le Monde
|h [electronic resource] :
|b Merleau-Ponty face au miroir lacanien /
|c by Eran Dorfman.
|
| 264 |
|
1 |
|a Dordrecht :
|b Springer Netherlands,
|c 2007.
|
| 300 |
|
|
|a VIII, 300 p.
|b online resource.
|
| 336 |
|
|
|a text
|b txt
|2 rdacontent
|
| 337 |
|
|
|a computer
|b c
|2 rdamedia
|
| 338 |
|
|
|a online resource
|b cr
|2 rdacarrier
|
| 347 |
|
|
|a text file
|b PDF
|2 rda
|
| 490 |
1 |
|
|a Phaenomenologica, Collection Fondée Par H.L. Van Breda Et Publiée Sous Le Patronage Des Centres D’archives-Husserl,
|x 0079-1350 ;
|v 179
|
| 505 |
0 |
|
|a Première Partie -- La double ambiguïtè de La Structure du comportement -- Phénoménologie de la perception, perception de la phénoménologie -- Qui est le sujet pathologique ? -- Deuxième Partie -- L’origine imaginaire -- L’invention symbolique -- De l’autre a l’autre -- Les chemins de la libertè.
|
| 520 |
|
|
|a C’est en interrogeant la Phénoménologie de la perception de Maurice Merleau-Ponty que cette étude tâche d’élaborer une conception de la philosophie comme un apprentissage perceptif qui dépasserait l’opposition entre théorie et praxis. Le sujet empirique et son « attitude naturelle » sont appelés à retrouver la couche pré-objective qui fonde le monde objectif, à retrouver le corps vivant qui fonde le corps constitué et figé. Mais la vie empirique semble résister à cet appel, de telle sorte que la phénoménologie, pour désavouer l’attitude naturelle sans la critiquer explicitement, se tourne vers un cas extrême, excessif, de cette même attitude: la pathologie. Dans un deuxième temps, la théorie psychanalytique de Jacques Lacan est introduite pour montrer qu’il n’y a pas de vie pré-objective sans objectivité, de même qu’il n’y a pas de vie normale sans pathologie. Les rapports réciproques, ambigus, entre monde objectif et monde pré-objectif, entre normalité et pathologie, sont ici analysés pour permettre de voir que seul le mouvement perpétuel de l’un de ces pôles à l’autre peut constituer à la fois la vraie phénoménologie perceptive et l’existence enfin libre.
|
| 650 |
|
0 |
|a Philosophy.
|
| 650 |
|
0 |
|a Phenomenology.
|
| 650 |
|
0 |
|a Psychoanalysis.
|
| 650 |
1 |
4 |
|a Philosophy.
|
| 650 |
2 |
4 |
|a Phenomenology.
|
| 650 |
2 |
4 |
|a Psychoanalysis.
|
| 710 |
2 |
|
|a SpringerLink (Online service)
|
| 773 |
0 |
|
|t Springer eBooks
|
| 776 |
0 |
8 |
|i Printed edition:
|z 9781402054303
|
| 830 |
|
0 |
|a Phaenomenologica, Collection Fondée Par H.L. Van Breda Et Publiée Sous Le Patronage Des Centres D’archives-Husserl,
|x 0079-1350 ;
|v 179
|
| 856 |
4 |
0 |
|u http://dx.doi.org/10.1007/978-1-4020-5431-0
|z Full Text via HEAL-Link
|
| 912 |
|
|
|a ZDB-2-SHU
|
| 950 |
|
|
|a Humanities, Social Sciences and Law (Springer-11648)
|